Propuesta de diseño de un sistema de información para el apoyo a la toma de decisiones aplicado al programa de salud del dispensarizado social.
Presenta el desarrollo en todas sus etapas y formula una propuesta de implementación de un sistema de información estadístico computarizado dentro de la gestión de los servicios de salud en el programa de atención a pacientes con enfermedades crónicas no transmisibles PECNT.
| Main Authors: | , |
|---|---|
| Other Authors: | |
| Format: | Tesis Section = Libro |
| Language: | Undetermined Spanish |
| Published: |
Managua
UNI
2013
|
| Subjects: |
| LEADER | 01251nam a2200253Ia 4500 | ||
|---|---|---|---|
| 008 | 240830s9999 xx 000 0 und d | ||
| 040 | |a BIBLIOTECA-RUSB/ Mon 005.1 T312 | ||
| 041 | |a spa | ||
| 082 | |a Mon 005.1 T312 | ||
| 100 | 1 | |a Tenorio Morales, María Consuelo | |
| 100 | 1 | |b Palma Cuadra, Francisco Eduardo | |
| 245 | 1 | 0 | |a Propuesta de diseño de un sistema de información para el apoyo a la toma de decisiones aplicado al programa de salud del dispensarizado social. |
| 260 | |a Managua |b UNI |c 2013 | ||
| 300 | |a 182 p. :il. | ||
| 500 | |a Contiene: manual de instalación, manual de usuario e incluye CD. | ||
| 502 | |a Tesis (Ingeniero en Computación) - UNI, 2013. | ||
| 520 | 3 | |a Presenta el desarrollo en todas sus etapas y formula una propuesta de implementación de un sistema de información estadístico computarizado dentro de la gestión de los servicios de salud en el programa de atención a pacientes con enfermedades crónicas no transmisibles PECNT. | |
| 650 | 7 | |a INGENIERIA DE SOFTWARE | |
| 650 | 7 | |b SISTEMAS DE ALMACENAMIENTO Y RECUPERACION DE INFORMACION | |
| 650 | 7 | |c SISTEMA DE INFORMACION EN ADMINISTRACION | |
| 700 | 1 | |a Tutor: |b Luna Molina, Magda Auxiliadora | |
| 942 | |c BK |2 ddc | ||
| 991 | |a TESIS | ||
| 999 | |c 19704 | ||